| Tag |
First Indicator |
Second Indicator |
Subfields |
| LEADER |
00000cam a2200000 4500 |
| 001 |
in00000030590 |
| 005 |
20151007061645.0 |
| 008 |
771220s1928 enka 00010 eng |
| 010 |
|
|
|a 29001018
|
| 035 |
|
|
|a (OCoLC)03505599
|
| 035 |
|
|
|9 AAD2688AM
|
| 040 |
|
|
|a DLC
|c TLM
|d TXA
|d UtOrBLW
|
| 049 |
|
|
|a TXAM
|c [141611]
|
| 050 |
|
0 |
|a NE850
|b .D6
|
| 092 |
|
|
|a 760
|b D635b
|
| 100 |
1 |
|
|a Dobson, Margaret Stirling.
|
| 245 |
1 |
0 |
|a Block-cutting and print-making by hand :
|b from wood, linoleum and other media /
|c by Margaret Dobson, A.R.E.
|
| 264 |
|
1 |
|a London,
|a New York :
|b Sir I. Pitman & sons, ltd.,
|c [1928]
|
| 300 |
|
|
|a xix, 183 pages including color frontispiece, illustrations (part color) ;
|c 24 cm.
|
| 336 |
|
|
|a text
|b txt
|2 rdacontent
|
| 337 |
|
|
|a unmediated
|b n
|2 rdamedia
|
| 338 |
|
|
|a volume
|b nc
|2 rdacarrier
|
| 650 |
|
0 |
|a Engraving
|x Technique.
|
| 650 |
|
0 |
|a Wood-engraving
|x Printing.
|
| 650 |
|
0 |
|a Color prints.
|
| 999 |
|
|
|a MARS
|
| 999 |
f |
f |
|s c0d1a511-6010-32b2-92cc-aef863c6e144
|i c4d253de-2911-394f-a7c2-8d763e57cca1
|t 0
|
| 952 |
f |
f |
|p normal
|a Texas A&M University
|b College Station
|c Sterling C. Evans Library
|d Evans: Library Stacks
|t 0
|e NE850 .D6
|h Library of Congress classification
|i unmediated -- volume
|m A14801159346
|
| 998 |
f |
f |
|a NE850 .D6
|t 0
|l Evans: Library Stacks
|